Krtko a autíčko
Krtko zo svojho kopčeka pri ceste závistlivo pozoruje autá, ktoré prechádzajú popri ňom. Ide si oči vyočiť. Ach, ako by len chcel autíčko! Lenže krtka nik nazavolá, aby sa previezol. A tak sa pokúsi zostrojiť si autíčko sám
| Hlavní autori: | , |
|---|---|
| Médium: | Braillovo písmo Kniha |
| Jazyk: | slovenčina čeština |
| Fyzický popis: | 1 zv. v Braillovom písme 25 x 31 cm |
| Vydavateľské údaje: |
Levoča
Slovenská knižnica pre nevidiacich Mateja Hrebendu
2011
|
| ISBN: | 9788018006504 |
| Vydanie: | [1. vyd.] |
| Predmet: |
MARC
| LEADER | 00000cam a2200000 a 4500 | ||
|---|---|---|---|
| 001 | vtls010315718 | ||
| 003 | SK-MaSNL | ||
| 005 | 20260301132111.0 | ||
| 007 | fb a un a | ||
| 008 | 240313s2011 xo bf 000 f slo | ||
| 015 | |a SNBK2012/01-00219 | ||
| 020 | |a 9788018006504 | ||
| 040 | |a SNK |b slo |c SNK |e AACR2 | ||
| 041 | 1 | |a slo |h cze | |
| 044 | |a xo |c SK | ||
| 072 | 7 | |a 821.162.3-3 |x Česká próza |2 konspekt | |
| 072 | 7 | |a 821-93 |x Literatúra pre deti a mládež (beletria) |2 konspekt | |
| 080 | |a 821.162.3-32 |2 2001 | ||
| 080 | |a 821-93 |2 2001 | ||
| 080 | |a (0:003.24) |2 2001 | ||
| 100 | 1 | |a Miler, Zdeněk, |d 1921-2011 |4 aut |9 195633 | |
| 245 | 1 | 0 | |a Krtko a autíčko |h Braillovo písmo |c Zdeněk Miler, Eduard Petiška ; [korektor: Anna Gallyová] |
| 250 | |a [1. vyd.] | ||
| 260 | |a Levoča |b Slovenská knižnica pre nevidiacich Mateja Hrebendu |c 2011 | ||
| 300 | |a 1 zv. v Braillovom písme |c 25 x 31 cm | ||
| 520 | |a Krtko zo svojho kopčeka pri ceste závistlivo pozoruje autá, ktoré prechádzajú popri ňom. Ide si oči vyočiť. Ach, ako by len chcel autíčko! Lenže krtka nik nazavolá, aby sa previezol. A tak sa pokúsi zostrojiť si autíčko sám | ||
| 655 | 7 | |a publikácie pre deti |2 SNKPH |9 70148 | |
| 655 | 7 | |a české príbehy |2 SNKPH |9 70773 | |
| 655 | 7 | |a publikácie pre nevidiacich |2 SNKPH |9 70695 | |
| 655 | 7 | |a publikácie v Braillovom písme |2 SNKPH |9 222610 | |
| 700 | 1 | |a Gallyová, Anna |4 pfr |9 329311 | |
| 700 | 1 | |a Petiška, Eduard, |d 1924-1987 |4 aut |9 113728 | |
| 919 | |a 978-80-18-00650-4 | ||
| 958 | |a SX | ||
| 958 | |a LX | ||
| 958 | |a DB | ||
| 968 | |b ČES |d 821 | ||
| 999 | |c 750049 |d 751979 | ||
| 952 | |a SNK |b SNK |y PREZ |7 0 |p 17A0876578 |o snkOSB 16581 |i snk2012/2532 |8 0 |0 0 |1 0 |4 0 |d 2012-01-31 |l 0 |r 2026-02-23 23:29:01 |w 2026-02-23 | ||


